000 00584pam a2200229 a 4500
001 2421857
005 20180123033039.0
008 870608s1988 nyu b 001 0 eng
010 _a 87015871
020 _a0231066821 (alk. paper)
040 _aDLC
_cDLC
_dDLC
041 _aeng
043 _ae------
080 _a337.142
082 0 0 _a337.142 TUG
_219
100 1 _a19
101 _aSHP
245 1 0 _aMaking sense of Europe /
_cChristopher Tugendhat.
504 _aBibliography: p. 235-[236]
906 _a7
_bcbc
_corignew
_d1
_eocip
_f19
_gy-gencatlg
942 _2ddc
_cBK
999 _c40698
_d40698